| 000 | 00408nam a22001457a 4500 | ||
|---|---|---|---|
| 003 | LK-CoDNM | ||
| 005 | 20240830111900.0 | ||
| 008 | 240830b |||||||| |||| 00| 0 eng d | ||
| 040 |
_aLK-CoDNM _dLK-CoDNM _eLK-CoDNM |
||
| 080 | _bකො 20 | ||
| 245 | _aකාම කුතුහලය | ||
| 260 |
_aකොළඹ _bරත්න මුද්රණාලය _c1960 |
||
| 300 | _b135p. ; 19 cm | ||
| 942 | _cBK | ||
| 999 |
_c150222 _d150222 |
||